| 000 | 00573nam a2200205Ia 4500 | ||
|---|---|---|---|
| 003 | OSt | ||
| 005 | 20250828141241.0 | ||
| 008 | 210210b1992 xxu||||| |||| 00| 0 eng d | ||
| 040 | _cAL | ||
| 041 | _aKannada | ||
| 082 | _aK894.9 RAMK | ||
| 100 |
_aRAMACHANDRA (M) _9194074 _d ರಾಮಚಂದ್ರ(ಎಂ) |
||
| 245 |
_aKannadada Asti _bಕನ್ನಡದ ಆಸ್ತಿ |
||
| 260 |
_aBengaluru _bMasti Shatamanotsava Samiti _c1992 |
||
| 300 | _aviii,117 | ||
| 650 |
_aMasti _9194075 |
||
| 690 |
_aKannada Criticism _9194076 |
||
| 906 | _a046698 | ||
| 942 |
_2ddc _cBK |
||
| 999 |
_c95931 _d95931 |
||